Normal view MARC view
  • London and Middlesex Archaeological Society

Entry Corporate Name

Number of records used in: 2

001 - CONTROL NUMBER

  • control field: 5355

003 - CONTROL NUMBER IDENTIFIER

  • control field: SIRSI

005 - DATE AND TIME OF LATEST TRANSACTION

  • control field: 20190806150242.0

008 - FIXED-LENGTH DATA ELEMENTS

  • fixed length control field: 070920n| acannaabn |n ana d

040 ## - CATALOGING SOURCE

  • Original cataloging agency: OSt
  • Transcribing agency: OSt

110 2# - HEADING--CORPORATE NAME

  • Corporate name or jurisdiction name as entry element: London and Middlesex Archaeological Society

670 ## - SOURCE DATA FOUND

  • Source citation: London Survey'd, 1895